000 01754cam a22004934a 4500
001 muse33815
003 MdBmJHUP
005 20210127151052.0
006 m o d
007 cr||||||||nn|n
008 070214s2007 ohu o 00 0 eng d
010 _z 2007006264
020 _a9780814272060
020 _a0814272061
020 _z9780814210529 (alk. paper)
020 _z081421052X (alk. paper)
020 _z9780814291320 (CD-ROM)
020 _z0814291325 (CD-ROM)
035 _a(OCoLC)1228476322
040 _aMdBmJHUP
_cMdBmJHUP
043 _ae-uk---
050 0 4 _aDA533
_b.G46 2007
082 0 _a942.081
_222
100 1 _aGilbert, Pamela K.
245 1 4 _aThe Citizen's Body
_bDesire, Health, and the Social in Victorian England /
_cPamela K. Gilbert.
264 1 _bOhio State University Press,
264 3 _bProject MUSE,
300 _a1 online resource (viii, 194 p.)
504 _aIncludes bibliographical references (p. 183-190) and index.
506 0 _aOpen Access
_fUnrestricted online access
_2star
588 _aDescription based on print version record.
651 0 _aGreat Britain
_xCivilization
_y19th century.
651 0 _aGreat Britain
_xHistory
_yVictoria, 1837-1901.
651 0 _aGreat Britain
_xSocial conditions
_y19th century.
650 0 _aPublic health
_zGreat Britain
_xHistory
_y19th century.
655 7 _aElectronic books.
_2local
710 2 _aProject Muse.
_edistributor
830 0 _aBook collections on Project MUSE.
856 4 0 _zFull text available:
_uhttps://muse.jhu.edu/book/27982/
999 _c24484
_d24484